Compendio de criminología y política criminal

Gespeichert in:
Bibliographische Detailangaben
1. Verfasser: López-Rey y Arrojo, Manuel (autor)
Format: Buch
Sprache:Spanisch
Veröffentlicht: Madrid Tecnos 1985
Schriftenreihe:Biblioteca universitaria. Tecnos
Schlagworte:
Tags: Tag hinzufügen
Keine Tags, Fügen Sie den ersten Tag hinzu!

MARC

LEADER 00000nam a2200000 a 4500
001 UCV1286
003 CL-VaPUC
008 900403e19850000SP |||||||||||||||||spa|d
082 0 4 |a 364  |b LOP  |2 21 
100 |a López-Rey y Arrojo, Manuel  |e autor  |9 600210 
245 1 0 |a Compendio de criminología y política criminal 
300 |a 239 p 
942 |c BK 
945 |d 19900403 00:00:00 
260 |a Madrid  |b Tecnos  |c 1985 
650 0 |a Criminología  |9 256168 
651 0 |a España  |9 254926 
583 |a last modification  |c 19900403 00:00:00  |k Rodrigo Vera 
490 0 |a Biblioteca universitaria. Tecnos 
999 |c 209278  |d 209276 
952 |0 0  |1 0  |4 0  |6 364_000000000000000_LOP_1985  |7 0  |8 A  |9 184602  |a BIBDER  |b BIBDER  |d 2019-11-14  |i 2519054  |o 364 LOP 1985  |p 2519054  |r 2023-01-25  |w 2019-11-14  |y BK  |k DER